000 00720nam a2200229 a 4500
001 000004738
005 20200929151508.0
008 090725s2005 dr c 000 0 spa d
020 _a9945000349
040 _aDO-SdBNP
_bspa
_cBNPHU
082 _a745.61
_bP438L
100 1 _aPérez, Faustino
_91945
245 1 0 _aLetreros populares dominicanos /
_cFaustino Pérez.
260 _aSanto Domingo :
_bAmigo del Hogar,
_c2005.
300 _a183 p. :
_bretrs. ;
_c24 cm.
500 _aIncluye datos biográficos del autor (p. 183)
504 _aBibliografía : p. 18
590 _aInventariado, 2018/LP
650 4 _aCarteles dominicanos
_913779
650 4 _aLetreros
_913780
910 _aValidado. Control de calidad MFF
999 _c4544
_d4544